Statistics for Countries of Europe by current head of state

Click here to take the quiz!

General Stats

  • This quiz has been taken 65 times
  • The average score is 26 of 45

Answer Stats

HintAnswer% Correct
Elizabeth IIUnited Kingdom
96%
Emmanuel MacronFrance
93%
Vladimir PutinRussia
91%
Alexander LukashenkoBelarus
87%
Albert IIMonaco
87%
Felipe VISpain
85%
Carl XVI GustafSweden
81%
FrancisVatican City
81%
Guðni Thorlacius JóhannessonIceland
80%
Joan Enric Vives Sicília, Emmanuel MacronAndorra
76%
Michael HigginsIreland
72%
Katerina SakellaropoulouGreece
70%
Harald VNorway
70%
Frank-Walter SteinmeierGermany
67%
Aleksandar VučićSerbia
67%
Margrethe IIDenmark
65%
Volodymyr ZelenskyUkraine
65%
Sergio MattarellaItaly
61%
Willem-AlexanderNetherlands
61%
Andrzej DudaPoland
61%
Alessandro Mancini, Grazia ZafferaniSan Marino
61%
Hans-Adam IILiechtenstein
59%
Marcelo Rebelo de SousaPortugal
57%
Milorad Dodik, Šefik Džaferović, Željko KomšićBosnia and Herzegovina
56%
Sauli NiinistöFinland
56%
HenriLuxembourg
52%
Zoran MilanovićCroatia
50%
Hashim ThaçiKosovo
50%
PhilippeBelgium
48%
Gitanas NausėdaLithuania
48%
Milo ĐukanovićMontenegro
48%
Zuzana ČaputováSlovakia
48%
Miloš ZemanCzech Republic
44%
Egils LevitsLatvia
44%
Alexander Van der BellenAustria
43%
Kersti KaljulaidEstonia
43%
János ÁderHungary
43%
Simonetta SommarugaSwitzerland
37%
George VellaMalta
35%
Stevo PendarovskiNorth Macedonia
33%
Ilir MetaAlbania
31%
Rumen RadevBulgaria
31%
Klaus IohannisRomania
31%
Borut PahorSlovenia
31%
Igor DodonMoldova
28%

Score Distribution

Percentile by Number Answered

Percent of People with Each Score

Your Score History

You have not taken this quiz